Visualizzazione normale
Vista MARC
- Hazelwood L.
di Personal Name
Records bibliografici associati: 1
001 - CONTROL NUMBER
- control field: 23613
003 - CONTROL NUMBER IDENTIFIER
- control field: IT-RoPau
005 - DATE AND TIME OF LATEST TRANSACTION
- control field: 20140503100732.0
008 - FIXED-LENGTH DATA ELEMENTS
- fixed length control field: 140503|| aca||aabn | a|a d
040 ## - CATALOGING SOURCE
- Original cataloging agency: IT-RoPau
- Transcribing agency: IT-RoPau
100 ## - HEADING--PERSONAL NAME
- Personal name: Hazelwood L.
- Dates associated with a name: Codice autore musica SPICS: 23028
- Relator term: Autore musica
- Name of part/section of a work: These Boots Are Made For Walking
670 ## - SOURCE DATA FOUND
- Source citation: Work cat.: (IT-RoPau)100710: Mead Abigail 23601, Full Metal Jacket (Original Motion Picture Soundtrack)